01127 a2200181 45000010006000000050017000060080041000230030015000640400040000790800074001192450063001930200018002562640033002743000019003075050574003261000023009007000022009235335120260407155808.0260407a1980 arg spa dAR-UNSa-BCEJYS aAR-UNSa-BCEJYSbspacAR-UNSa-BCEJYS a628.1xAbastecimiento de agua. Tratamiento del agua. Consumo del agua10aGeografía de la utilización de las aguas continentales a84-281-0438-7 1aBarcelona :bOikos-tauc1980 a435 p.c21 cm. a1. El ciclo del agua y sus componentes - 2. Las necesidades humanas y los recursos en agua -3. Descubrimiento y acondicionamiento de los recursos en agua - 4. Los hombres contra el agua:Inundaciones y tierras bajas - 5. Medio ambiente:La parte del riesgo - 6. Necesiddad y dificultades de una gestión del agua - 7. Marismas y lugares de pesca - 8. El agua en la agricultura: Principios y técnicas - 9. Los paisajes de la agricultura hidráulica - 10. El agua al servicio de las actividades no agrícolas - 11. Conclusión.El agua y la organización del espacio1 aBethemont, Jacques1 aFerrer, Alexandre